[Event "Sants Op 2002"]
[Site "?"]
[Date "2002.??.??"]
[Round "?"]
[White "Iglesias, Jorge"]
[Black "Campos Moreno, Javier"]
[Result "0-1"]
[WhiteElo "2377"]
[BlackElo "2493"]
[PlyCount "64"]

1. e4 c5 2. Nf3 Nc6 3. Bb5 g6 4. O-O Bg7 5. Re1 Nf6 6. e5 Nd5 7. Nc3 Nc7 8.
Bxc6 dxc6 9. Ne4 Ne6 10. d3 b6 11. Be3 Nd4 12. c3 Nxf3+ 13. Qxf3 O-O 14. d4
cxd4 15. cxd4 Be6 16. Ng5 Bd5 17. Qh3 h6 18. Nf3 Qc8 19. Qh4 g5 20. Qg3 f5 21.
exf6 exf6 22. h4 Qf5 23. hxg5 fxg5 24. Ne5 Rae8 25. Bd2 Re6 26. Bc3 Rfe8 27.
Re3 c5 28. Rae1 cxd4 29. Bxd4 Qf4 30. Bc3 Qxg3 31. fxg3 Bxa2 32. Kf2 a5 0-1

[Event "Sants Op 2002"]
[Site "?"]
[Date "2002.??.??"]
[Round "?"]
[White "Campos Moreno, Javier"]
[Black "Narciso Dublan, Marc"]
[Result "1/2-1/2"]
[WhiteElo "2493"]
[BlackElo "2460"]
[PlyCount "43"]

1. d4 d5 2. c4 e6 3. Nf3 c5 4. cxd5 exd5 5. g3 Nf6 6. Bg2 Be7 7. O-O O-O 8. Nc3
Nc6 9. Bg5 cxd4 10. Nxd4 h6 11. Be3 Re8 12. Rc1 Bg4 13. Nb3 Be6 14. Nb5 Qd7 15.
Bc5 Bh3 16. Bxe7 Bxg2 17. Kxg2 Qxe7 18. N5d4 Rac8 19. e3 Ne5 20. Rc2 Rxc2 21.
Qxc2 Nc4 22. Nd2 1/2-1/2

[Event "Sants Op 2002"]
[Site "?"]
[Date "2002.??.??"]
[Round "?"]
[White "Munoz Pantoja, Miguel"]
[Black "Lalic, Bogdan"]
[Result "1/2-1/2"]
[WhiteElo "2405"]
[BlackElo "2540"]
[PlyCount "28"]

1. e4 c6 2. Nc3 d5 3. Nf3 Bg4 4. Be2 dxe4 5. Nxe4 Nd7 6. O-O Ngf6 7. Nfg5 Nxe4
8. Nxe4 Bxe2 9. Qxe2 e6 10. d4 Be7 11. c4 Nf6 12. Rd1 O-O 13. Bf4 Nxe4 14. Qxe4
Bd6 1/2-1/2

[Event "Sants Op 2002"]
[Site "?"]
[Date "2002.??.??"]
[Round "?"]
[White "Berzinsh, Roland"]
[Black "Jerez Perez, Alfonso"]
[Result "1-0"]
[WhiteElo "2463"]
[BlackElo "2379"]
[PlyCount "87"]

1. e4 e6 2. d4 d5 3. Nc3 Bb4 4. e5 c5 5. a3 Ba5 6. b4 cxd4 7. Nb5 Bc7 8. f4 Bd7
9. Nxc7+ Qxc7 10. Nf3 Ba4 11. Bd3 Ne7 12. Bb2 Nbc6 13. O-O a6 14. Nxd4 Nxd4 15.
Bxd4 Bb5 16. a4 Bxd3 17. cxd3 Rc8 18. Bc5 O-O 19. a5 Qd7 20. d4 f6 21. Qd3 Rf7
22. Rf3 Ng6 23. Raf1 fxe5 24. dxe5 Qb5 25. Qxb5 axb5 26. g3 Rfc7 27. a6 bxa6
28. Ra3 Rc6 29. Rfa1 Nf8 30. Rxa6 Nd7 31. Rxc6 Rxc6 32. Ra8+ Kf7 33. Ra7 Ke8
34. Ra8+ Kf7 35. Ra7 Ke8 36. Bd6 h5 37. Ra8+ Kf7 38. Ra7 Ke8 39. Kf2 Rc2+ 40.
Ke3 Rxh2 41. f5 exf5 42. e6 Nb6 43. Bc5 Rh1 44. Kf2 1-0

[Event "Sants Op 2002"]
[Site "?"]
[Date "2002.??.??"]
[Round "?"]
[White "Mellado Trivino, Juan"]
[Black "Scavo, Fernando"]
[Result "1-0"]
[WhiteElo "2447"]
[BlackElo "2285"]
[PlyCount "99"]

1. e4 e6 2. d4 d5 3. Nd2 Nf6 4. e5 Nfd7 5. Bd3 c5 6. c3 Nc6 7. Ngf3 f5 8. exf6
Nxf6 9. O-O cxd4 10. cxd4 Bd6 11. b3 O-O 12. Bb2 Qb6 13. Ne5 Nxd4 14. Ndc4 dxc4
15. Nxc4 Bxh2+ 16. Kxh2 Qc7+ 17. Kg1 e5 18. Nxe5 Qxe5 19. Bc4+ Kh8 20. Qxd4
Qxd4 21. Bxd4 Bf5 22. Rfe1 Rfd8 23. Rad1 a6 24. Bb6 Rxd1 25. Rxd1 Re8 26. Rd6
h6 27. f3 Re7 28. Bd4 Rd7 29. Rxd7 Bxd7 30. Kf2 Bc6 31. Bxf6 gxf6 32. Ke3 a5
33. Kd4 b6 34. Bd5 Bd7 35. Bc4 Bc6 36. Bd3 Kg7 37. Be4 Be8 38. Kd5 a4 39. bxa4
Bxa4 40. Kd6 Bb5 41. f4 Bf1 42. g3 Be2 43. Kc6 b5 44. Kc5 Kf7 45. Bc6 b4 46.
Kxb4 Ke6 47. a4 Bf1 48. Bf3 Bd3 49. Kc3 Ba6 50. Kd4 1-0

[Event "Sants Op 2002"]
[Site "?"]
[Date "2002.??.??"]
[Round "?"]
[White "Bor, Willem"]
[Black "Iglesias, Jorge"]
[Result "1/2-1/2"]
[WhiteElo "2274"]
[BlackElo "2377"]
[PlyCount "44"]

1. e4 e6 2. d4 d5 3. exd5 exd5 4. Bd3 Nc6 5. c3 Bd6 6. Ne2 Qf6 7. O-O Bf5 8.
Bxf5 Qxf5 9. Ng3 Qd7 10. Qf3 Nge7 11. Bf4 O-O 12. Re1 Bxf4 13. Qxf4 f5 14. Nd2
Ng6 15. Qg5 f4 16. Ngf1 Nd8 17. Nf3 Nf7 18. Qh5 Rae8 19. N1d2 c6 20. Ng5 Nxg5
21. Qxg5 Rxe1+ 22. Rxe1 Re8 1/2-1/2

[Event "Sants Op 2002"]
[Site "?"]
[Date "2002.??.??"]
[Round "?"]
[White "Estremera Panos, Sergio"]
[Black "Dominguez Gonzalez, Isaac"]
[Result "1-0"]
[WhiteElo "2368"]
[BlackElo "2232"]
[PlyCount "70"]

1. d4 Nf6 2. c4 g6 3. Nc3 Bg7 4. e4 d6 5. Nf3 O-O 6. Be2 Na6 7. Bf4 Bg4 8. O-O
Nh5 9. Bg5 h6 10. Be3 e5 11. dxe5 dxe5 12. Qc1 g5 13. h3 Bxf3 14. Bxf3 Nf4 15.
Rd1 Qe8 16. Bg4 Ne6 17. Bxe6 Qxe6 18. Ne2 Rfd8 19. Qc3 Bf8 20. Rd5 f6 21. Rad1
Be7 22. Ng3 c6 23. Rxd8+ Rxd8 24. Rxd8+ Bxd8 25. Nf5 Qd7 26. Nxh6+ Kh7 27. Nf5
c5 28. a3 b6 29. Qc2 Nc7 30. Qe2 Qf7 31. Nd6 Qg6 32. Qg4 Qg7 33. h4 gxh4 34.
Qxh4+ Kg8 35. Bh6 35... Qh7 {ilegible} 1-0

[Event "Sants Op 2002"]
[Site "?"]
[Date "2002.??.??"]
[Round "?"]
[White "Daude Povill, Antonio"]
[Black "Hidalgo Mena, Andres"]
[Result "*"]
[WhiteElo "2172"]
[BlackElo "2304"]
[PlyCount "21"]

1. e4 e6 2. d4 d5 3. exd5 exd5 4. Bd3 Nf6 5. Bg5 Be7 6. Nc3 h6 7. Bh4 Be6 8.
Nge2 Qd7 9. f3 Nc6 10. Qd2 O-O-O 11. O-O-O *

[Event "Sants Op 2002"]
[Site "?"]
[Date "2002.??.??"]
[Round "?"]
[White "Mellado Trivino, Juan"]
[Black "Campos Moreno, Javier"]
[Result "0-1"]
[WhiteElo "2447"]
[BlackElo "2493"]
[PlyCount "52"]

1. e4 c5 2. Nf3 Nc6 3. d4 cxd4 4. Nxd4 Nf6 5. Nc3 e5 6. Nf5 d5 7. exd5 Bxf5 8.
dxc6 bxc6 9. Qf3 Qd7 10. Bg5 e4 11. Qe2 Be7 12. Bxf6 Bxf6 13. Nxe4 O-O 14.
Nxf6+ gxf6 15. Qd2 Rfe8+ 16. Kd1 Qc7 17. Bd3 Rad8 18. b4 c5 19. bxc5 Qxc5 20.
Rb1 Qd5 21. Rb3 Qd4 22. Rc3 Rb8 23. Kc1 Rb6 24. Bxf5 Rb1+ 25. Kxb1 Qxd2 26. Kb2
Qd4 0-1

[Event "Sants Op 2002"]
[Site "?"]
[Date "2002.??.??"]
[Round "?"]
[White "Lalic, Bogdan"]
[Black "Baches Garcia, Guillermo"]
[Result "1-0"]
[WhiteElo "2540"]
[BlackElo "2368"]
[PlyCount "79"]

1. Nf3 d5 2. d4 e6 3. c4 c6 4. Nbd2 f5 5. g3 Nf6 6. Bg2 Bd6 7. O-O O-O 8. b3
Bd7 9. Ne5 Be8 10. Nd3 Nbd7 11. Nf3 Qe7 12. Qc2 Bh5 13. Bf4 Rad8 14. Bxd6 Qxd6
15. c5 Qe7 16. b4 Bxf3 17. exf3 Ne8 18. f4 Nc7 19. a4 a6 20. Rfe1 h6 21. Ne5
Nxe5 22. Rxe5 Qd7 23. Bf1 Ra8 24. Rb1 Rfb8 25. Re3 g5 26. fxg5 hxg5 27. b5 Rf8
28. bxc6 bxc6 29. Rb7 a5 30. Reb3 Rf7 31. Qe2 Re8 32. Qe5 Kh7 33. Ra7 Ra8 34.
Rxa8 Nxa8 35. Rb8 Nc7 36. Qh8+ Kg6 37. h4 gxh4 38. Be2 hxg3 39. Bh5+ Kg5 40.
Rg8+ 1-0

[Event "Sants Op 2002"]
[Site "?"]
[Date "2002.??.??"]
[Round "?"]
[White "Pinazo Donoso, Jordi"]
[Black "Munoz Pantoja, Miguel"]
[Result "0-1"]
[WhiteElo "2196"]
[BlackElo "2405"]
[PlyCount "50"]

1. f4 c5 2. b3 Nc6 3. Bb2 Nf6 4. Nf3 g6 5. e3 Bg7 6. Bb5 Qc7 7. O-O O-O 8. Nc3
d6 9. Qe1 Nb4 10. Rc1 Bf5 11. a3 Nc6 12. h3 a6 13. g4 axb5 14. gxf5 Qd7 15.
fxg6 fxg6 16. Kh2 b4 17. axb4 cxb4 18. Nd1 Ra5 19. Nf2 Rh5 20. Rg1 Ne4 21. Bxg7
Nxf2 22. Kg2 Ne4 23. h4 Qg4+ 24. Kh2 Qxf3 25. Bxf8 Nf2 0-1

[Event "Sants Op 2002"]
[Site "?"]
[Date "2002.??.??"]
[Round "?"]
[White "Barrios, Felix"]
[Black "Rios, Alejandro"]
[Result "1-0"]
[WhiteElo "2222"]
[BlackElo "2416"]
[PlyCount "43"]

1. d4 Nf6 2. c4 e6 3. Nf3 b6 4. a3 c5 5. d5 exd5 6. cxd5 d6 7. Nc3 g6 8. e4 Bg7
9. Bb5+ Bd7 10. Bd3 O-O 11. h3 b5 12. O-O a6 13. Re1 Re8 14. Bf4 Qb6 15. Qd2
Nh5 16. Bh6 a5 17. g4 Nf6 18. Qf4 b4 19. axb4 cxb4 20. Ne2 Bb5 21. Bxg7 Kxg7
22. Bb1 {ilegible} 1-0

[Event "Sants Op 2002"]
[Site "?"]
[Date "2002.??.??"]
[Round "?"]
[White "Hidalgo Mena, Andres"]
[Black "Planas Ferret, Rossend"]
[Result "1/2-1/2"]
[WhiteElo "2304"]
[BlackElo "2208"]
[PlyCount "41"]

1. e4 c6 2. d4 d5 3. e5 c5 4. dxc5 e6 5. Be3 Qc7 6. b4 Qxe5 7. c3 Ne7 8. Nf3
Qc7 9. Na3 a6 10. Nd4 Bd7 11. Be2 Ng6 12. O-O Nc6 13. Rb1 Be7 14. c4 dxc4 15.
Nxc4 O-O 16. Qc2 Rad8 17. Nxc6 Bxc6 18. g4 Bd5 19. Nb6 Bf6 20. Rbd1 Ne7 21. Bd3
1/2-1/2